Estatutos de la Asociación Instructiva Obrera Las Corts-Barcelona / Asociación Instructiva Obrera Las Corts-Barcelona
Descripción Física:
16 p. ; 15 cm
MARC
| LEADER | 00000nam a2200000Ia 4500 | ||
|---|---|---|---|
| 001 | 16145 | ||
| 003 | BGR | ||
| 005 | 20260410113635.0 | ||
| 008 | 160829s1904 xx 000 0 cat d | ||
| 080 | |a RF-14-6 | ||
| 110 | 2 | |9 70352 |a Asociación Instructiva Obrera Las Corts-Barcelona | |
| 245 | |a Estatutos de la Asociación Instructiva Obrera Las Corts-Barcelona / Asociación Instructiva Obrera Las Corts-Barcelona | ||
| 260 | |a Barcelona : |b Imp. Cooperativa Las artes gráficas, |c 1904 | ||
| 300 | |a 16 p. ; |c 15 cm | ||
| 590 | |a Prové de 2372, exp. 9. | ||
| 590 | |a Hi ha un duplicat a: DUP-73-28, que prové de 2290, exp. 8 | ||
| 650 | |a Asociación Instructiva Obrera Las Corts-Barcelona |x Estatuts |9 48586 | ||
| 856 | 4 | |u https://media.diba.cat/diba/fitxers/arxiu/fulletons/bib_16145_1904_baixa.pdf |y Accés lliure | |
| 856 | 4 | |u https://media.diba.cat/diba/fitxers/arxiu/fulletons/bib_16145_1904_baixa.pdf |y Accés lliure | |
| 900 | |a bib_16145_1904_baixa.pdf | ||
| 901 | |a Arxiu | ||
| 942 | |n 1 |2 udc |c MON | ||
| 952 | |0 0 |1 0 |4 0 |6 RF146 |7 1 |9 54673 |a Arxiu |b Arxiu |d 2016-12-01 |l 0 |o RF-14-6 |p 16145 |r 2016-12-01 00:00:00 |w 2016-12-01 |y ARXIU | ||
| 999 | |c 58542 |d 58542 | ||